000 00757nam a2200289Ia 4500
005 20260324120100.0
008 008 260324s9999 xx 000 0 eng d
020 _a9781315657752
037 _aEBOOK
040 _aCRL
040 _beng
040 _cCRL
041 _2eng
041 _aeng
084 _qCRL
100 _aJulie A. Weast-Knapp; MaryLauren Malone; Drew H. Abney
_91157162
245 0 _aStudies in Perception and Action XIII
245 0 _bEighteenth International Conference on Perception and Action
260 _bTaylor and Francis
260 _c2015
365 _a
365 _b300
856 _uhttp://www.taylorfrancis.com/books/9781315657752
942 _cEBOOK
999 _c1748486
_d1748486